00983nam a22002297a 4500003000900000008004100009040007100050082002400121245008700145260003100232300004500263440005000308505023700358650001000595650001500605650001500620650001200635650002300647700002800670700002700698700002800725AR-CdUCM190425b ||||| |||| 00| 0 spa d aMUNICIPALIDAD PROVINCIAL DEL CUSCOcBIBLIOTECA MUNICIPAL DEL CUSCO aChillico/N°14/2004 aCh´illico :bhumor caricatura historia y arte /cCésar Aguilar Peña, Director aCusco.bCh´illico,c2004. a18 páginas. :bilustraciones ;c30 cm. aCh´illico.nN°14, septiembre, octubre 2004. aContenido: Miembro del clero penetra en circulo militar. -- Justicia ¿como, cuando y donde?. -- El pan vuestro de todos los días. -- Quien a lengua mata a lengua muere. -- Margot Palomino. -- Remembranzas del camino con Chocano.  aHumor aCaricatura aHistorieta aCómic aPolítica peruana aAguilar Peña, César aChalco Vizcarra, Pedro aVivanco Luna, César A